Quizzes
Events
Quiz Creation
Community
Videos
Private Events
Remove Ads
Sign In
Join for FREE
Feedback
Dark Mode
Quiz Categories
Sports
Geography
Music
Movies
Television
Just For Fun
Miscellaneous
History
Literature
Language
Science
Gaming
Entertainment
Religion
Holiday
For Kids
Quiz Lab
Recent
Popular Today
Quiz Kudos Today
Editor Picks
Curator Picks
Quizzes by...
Day
Popularity
Type
Ratings
Length
Year
Community
Subscriptions
Recent Discussions
Orange Saloon
Badges
Playlists
Quests
Create
Leaderboards
Showdown
Live 5
Trivia Bingo
Activity
Puzzle Library
Sporcle Events
Private Events
Virtual Trivia
Globe League
Become a Host
Pub Owners
SporcleCon
Opinionation
Our Games
Videos
Blog
Mobile Apps
Partnerships
Remove Ads and Go Orange
Feedback
Music
Pop Music
The Beatles
Song
Album
Lyrics
Bands
Singers
Artist
Clip
Rock
Rap
Classical
Billboard
Country Music
Kpop
Taylor Swift
Music
Pop Music
The Beatles
Song
Album
Lyrics
Bands
Singers
Artist
Clip
Rock
Rap
Classical
Billboard
Country Music
Kpop
Taylor Swift
Random Quiz
Search Sporcle
×
Quiz Lab
Quiz Lab
Music
Album
Type in answers that appear in a list
Type in answers that appear in a list
Classic
Best Score? Go Orange.
Acclaimedmusic's Top 100 Albums Stats
Can you name the Acclaimedmusic's Top 100 Albums?
By
CasanovaZelos
20m
100 Questions
288 Plays
288 Plays
288 Plays
Comments
Comments
Give Quiz Kudos
Give Quiz Kudos
-
- Ratings
hide this ad
More Info
Replay
Link that replays current quiz
Next Quiz
Link to next quiz in quiz playlist
You Got
0%
They Got
Avg Score
63%
Avg Friend Score
Upgrade to see
Score Distribution
Jump to the score distribution portion of the page
Score
0/100
Timer
20:00
0
Plays Today
Artist
Album
% Correct
Nirvana
Nevermind
93.8%
The Beatles
The Beatles White Album
93.8%
The Beatles
Revolver
92%
The Beatles
Sgt. Pepper's Lonely Hearts Club Band
91.7%
The Beach Boys
Pet Sounds
91.3%
Pink Floyd
The Dark Side of the Moon
89.9%
The Clash
London Calling
88.9%
Radiohead
OK Computer
86.1%
The Beatles
Abbey Road
86.1%
Michael Jackson
Thriller
85.1%
U2
The Joshua Tree
84.7%
The Jimi Hendrix Experience
Are You Experienced?
84%
Led Zeppelin
Led Zeppelin IV
83.3%
Bruce Springsteen
Born to Run
81.3%
Prince and the Revolution
Purple Rain
80.9%
AC|
DC
Back in Black
80.9%
Marvin Gaye
What's Going On
80.6%
The Beatles
Rubber Soul
80.6%
Led Zeppelin
Led Zeppelin II
80.2%
Eagles
Hotel California
79.5%
The Rolling Stones
Exile on Main St
78.8%
Bob Dylan
Blonde on Blonde
78.5%
The Who
Who's Next
78.5%
The Velvet Underground and Nico
The Velvet Underground and Nico
77.8%
Sex Pistols
Never Mind the Bollocks - Here's the Sex Pistols
77.1%
The Doors
The Doors
76.7%
Radiohead
Kid A
76%
David Bowie
The Rise and Fall of Ziggy Stardust and the Spiders from Mars
75%
Jeff Buckley
Grace
75%
Bob Dylan
Highway 61 Revisited
72.6%
Fleetwood Mac
Rumours
72.6%
Guns N' Roses
Appetite for Destruction
72.6%
John Lennon
Imagine
72.2%
Oasis
(What's the Story) Morning Glory?
71.9%
Artist
Album
% Correct
Ramones
Ramones
71.5%
Radiohead
The Bends
70.5%
Bob Dylan
Blood on the Tracks
69.8%
The Rolling Stones
Sticky Fingers
69.1%
Led Zeppelin
Physical Graffiti
69.1%
The Band
The Band
68.8%
The Clash
The Clash
68.8%
Beck
Odelay
68.4%
Paul Simon
Graceland
68.1%
The Jimi Hendrix Experience
Electric Ladyland
67.7%
U2
Achtung Baby
67.7%
The Rolling Stones
Let It Bleed
67%
Joni Mitchell
Blue
66.3%
R.E.M.
Automatic for the People
64.9%
The Stone Roses
The Stone Roses
64.6%
Miles Davis
Kind of Blue
63.9%
Public Enemy
It Takes a Nation of Millions to Hold Us Back
63.2%
The Strokes
Is This It
62.2%
The Smiths
The Queen is Dead
61.8%
Stevie Wonder
Songs in the Key of Life
61.5%
Miles Davis
Bitches Brew
61.5%
Patti Smith
Horses
61.1%
Neil Young
Harvest
61.1%
Pixies
Doolittle
60.8%
Van Morrison
Astral Weeks
60.1%
Stevie Wonder
Innervisions
57.6%
Pixies
Surfer Rosa
57.3%
Talking Heads
Remain in Light
56.9%
Arcade Fire
Funeral
56.9%
David Bowie
Low
56.6%
Van Morrison
Moondance
56.6%
Joy Division
Closer
55.6%
Sonic Youth
Daydream Nation
55.6%
The Rolling Stones
Beggars Banquet
54.9%
Artist
Album
% Correct
Derek and the Dominos
Layla and Other Assorted Love Songs
54.9%
Carole King
Tapestry
54.2%
David Bowie
Hunky Dory
53.5%
Neil Young
After the Gold Rush
53.1%
Television
Marquee Moon
52.8%
R.E.M.
Murmur
51.4%
Lou Reed
Transformer
51.4%
Prince
Sign 'O' the Times
51%
Joy Division
Unknown Pleasures
50.7%
My Bloody Valentine
Loveless
50.3%
Pink Floyd
The Piper at the Gates of Dawn
49.3%
James Brown
Live at the Apollo
48.6%
Captain Beefheart and His Magic Band
Trout Mask Replica
46.5%
John Coltrane
A Love Supreme
46.5%
Portishead
Dummy
46.2%
The Band
Music From Big Pink
46.2%
Love
Forever Changes
45.1%
Elvis Costello
This Year's Model
44.1%
DJ Shadow
Endtroducing...
43.4%
Iggy and the Stooges
Raw Power
42%
The Stooges
Fun House
41.3%
Bob Dylan
Bringing It All Back Home
40.3%
Massive Attack
Blue Lines
39.6%
Primal Scream
Screamadelica
38.9%
The Jesus and Mary Chain
Psychocandy
38.9%
De La Soul
3 Feet High and Rising
37.5%
Otis Redding
Otis Blue
37.2%
Sly and the Family Stone
There's a Riot Goin' On
36.5%
Tom Waits
Swordfishtrombones
34%
Aretha Franklin
I Never Loved a Man the Way I Love You
27.4%
John Lennon|
Plastic Ono Band
John Lennon/Plastic Ono Band
26.4%
Kraftwerk
Trans-Europa Express
19.4%
Quiz Playlist
Details
Report
Send in Message
Add To Playlist
More Info:
The top 100 albums according to acclaimedmusic.net, a site that compiles and combines music critic's lists.
Classic:
Type in answers that appear in a list
Quiz Source
Last Updated: Feb 16, 2017
Quiz Scoreboard
CHALLENGE
Sign Up to Join the Scoreboard
Show All
Scores
Hide
Comments
May contain spoilers
Recently Published
Billboard Blitz: Fleetwood Mac
by CooCooCachoo
Music
15s
Presidents Visiting Landmarks
by Hejman
History
7m
An Introduction to Baseball
by treessimontrees
Sports
5m
More to Explore
Quiz From the Vault
Featured Blog Post
Where Did the Easter Bunny Come From?
hide this ad
You Might Also Like...
Tags
Album Quiz
Artist Quiz
100
Top 100
Today's Top Quizzes in Music
Browse Music
hide this ad
Today's Top Quizzes in Album
Browse Album
Top Contributed Quizzes in Music
1
Taylor Swift All Songs (2024)
2
Guess the Artist- 70s Songs
3
7-to-1: Billboard Hot 100 #1 Hits of 2010s
4
Sorting Albums and Songs
5
Taylor Swift Logic Puzzle
6
One Thing in Common: Music
7
2010s Album by Cover III
8
KPOP LOGIC QUIZ
9
Guess the Taylor Swift song (Mystery Song)
10
Guess the Artist- 80s Songs
Explore More
Trending Topics
Harry Potter
NBA
Anime
Disney
Kpop
Crossword
Marvel
Pokémon
NFL
Puzzle
Soccer
Song
Country
WWE
The Office
hide this ad
More By:
CasanovaZelos
Quiz
Plays
Rating
Category
Featured
Created
Directors of the IMDb Top 100
1,358
4.29
Movies
Aug 16, 2010
Acclaimedmusic's Top 100 Albums
288
4.00
Music
Jun 6, 2010
Movies With More Oscars Than BP Winner
164
3.80
Movies
Jan 2, 2010
Modern Artist by Lesser Known Song
38
5.00
Music
Apr 8, 2011
Go to Creator's Profile
Score Distribution
Quiz Creator Spotlight
CasanovaZelos
Follow
Send a Message
Quizzes Created
-
Created Quiz Play Count
-
More By This Creator
Popular Quizzes Today
1
Find the US States - No Outlines Minefield
2
Find the Countries of Europe - No Outlines Minefield
3
The Countries of the World
4
Find the US States
5
US States
6
Popular People in 1961
7
Risky Map Clicking: Biggest States A-Z
8
Movies - When Are They Set?
More Music Quizzes
5 to 1: Singers by State
Editor's Pick
Trending Quizzes
Risky Map Clicking: Least Populous States A-Z
1-10 Letter G Words
1-10 Letter F Words
Risky Map Clicking: Next State Alphabetically
Risky Map Clicking: Biggest States A-Z
Recently Updated
Leaping Animals
pecheneg
Reality TV Shows (A-Z)
bhenderson79
Rickey Henderson's Hall of Fame Teammates
pecheneg
Champions League XIs: Arsenal
pecheneg
Quick Pick: Celebrities in WWE's Hall of Fame
aduchscher
A-Z Keypad Blitz II
pecheneg
Multiple Oscar Actors
pecheneg
Mystery Phrase Blitz: Oscar 'Best Actors'
pecheneg
F. Scott Fitzgerald Novels
LTH
Pick 3 Villains
ddd62291
Trending Topics
Crossword
Marvel
Kpop
NBA
Anime
Harry Potter
Disney
The Office
Puzzle
WWE
Country
Soccer
Song
NFL
Pokémon
Your Account Isn't Verified!
In order to create a playlist on Sporcle, you need to verify the email address you used during registration. Go to your
Sporcle Settings
to finish the process.
Report this User
Report this user for behavior that violates our
Community Guidelines
.
Details:
Send Report
Go to the Sporcle.com Mobile Site →
Comments